Country to Area - Click Quiz - Statistics

General Stats
  • This quiz has been taken 13 times
  • The average score is 30 of 50
Answer Stats
Hint Answer % Correct
Australia Larger than Turkey
100%
Lebanon Costa Rica is larger
92%
China Larger than Turkey
92%
Brazil Larger than Turkey
92%
India Larger than Turkey
92%
Russia Larger than Turkey
92%
Fiji Costa Rica is larger
83%
Qatar Costa Rica is larger
83%
Jamaica Costa Rica is larger
83%
Hungary In between Costa Rica and Romania
83%
Germany In between Romania and Turkey
83%
Canada Larger than Turkey
83%
Greece In between Costa Rica and Romania
75%
South Korea In between Costa Rica and Romania
75%
Botswana In between Romania and Turkey
75%
Indonesia Larger than Turkey
75%
Argentina Larger than Turkey
75%
Kazakhstan Larger than Turkey
75%
Rwanda Costa Rica is larger
67%
Honduras In between Costa Rica and Romania
67%
Uruguay In between Costa Rica and Romania
67%
Jordan In between Costa Rica and Romania
67%
Iceland In between Costa Rica and Romania
67%
Bangladesh In between Costa Rica and Romania
67%
France In between Romania and Turkey
67%
Estonia Costa Rica is larger
58%
Portugal In between Costa Rica and Romania
58%
Serbia In between Costa Rica and Romania
58%
Yemen In between Romania and Turkey
58%
New Zealand In between Romania and Turkey
58%
Albania Costa Rica is larger
50%
Nepal In between Costa Rica and Romania
50%
Zimbabwe In between Romania and Turkey
50%
Morocco In between Romania and Turkey
50%
Slovakia Costa Rica is larger
42%
Laos In between Costa Rica and Romania
42%
Panama In between Costa Rica and Romania
42%
Madagascar In between Romania and Turkey
42%
Zambia In between Romania and Turkey
42%
Kenya In between Romania and Turkey
42%
Thailand In between Romania and Turkey
42%
Venezuela Larger than Turkey
42%
Tanzania Larger than Turkey
42%
Vietnam In between Romania and Turkey
33%
Chile In between Romania and Turkey
33%
Egypt Larger than Turkey
33%
Denmark Costa Rica is larger
25%
Ukraine In between Romania and Turkey
25%
Oman In between Romania and Turkey
25%
Nigeria Larger than Turkey
25%
No matching quizzes found
Score Distribution
Percent of People with Each Score
Percentile by Number Answered
Your Score History
You have not taken this quiz